Combattre la discrimination fondée sur l'orientation sexuelle ou l'identitè de genre Les normes du Conseil de l'Europe

সংরক্ষণ করুন:
গ্রন্থ-পঞ্জীর বিবরন
সংস্থা লেখক: Consiglio d'Europa
বিন্যাস: গ্রন্থ
ভাষা:ইংরেজি
প্রকাশিত: Strasburgo Editions du Conseil de l'Europe 2011
ট্যাগগুলো: ট্যাগ যুক্ত করুন
কোনো ট্যাগ নেই, প্রথমজন হিসাবে ট্যাগ করুন!

MARC

LEADER 00000nam a2200000 4500
005 20240529195007.0
008 240529b |||||||| |||| 00| 0 eng d
020 |a 9789287169884 
040 |c GP 
110 |a Consiglio d'Europa 
245 |a Combattre la discrimination fondée sur l'orientation sexuelle ou l'identitè de genre  |b Les normes du Conseil de l'Europe 
260 |a Strasburgo  |b Editions du Conseil de l'Europe  |c 2011 
942 |2 ddc  |c BK  |n 0 
952 |0 0  |1 0  |2 ddc  |4 0  |6 306_766000000000000_CON  |7 1  |9 1329  |a RM  |b RM  |d 2024-05-29  |l 0  |o 306.766 CON  |p 163  |r 2024-05-29 19:51:59  |w 2024-05-29  |y BK 
999 |c 1226  |d 1226